000 00866nam a2200313 a 4500
003 AR-BaBNM
005 20251128205911.0
008 082120s2002 ||||||||||||||000 | spa||
020 _a950-9896-98-5
040 _cAR-BaBNM
100 1 _aAguilar, Marcela
245 0 0 _aTemas transversales
_b3er ciclo
250 _a1ª ed.
260 _aBuenos Aires
_bEdiciones Docentes Argentinas
_c1995
300 _a255 p.
_bil
504 _aBibliografía p. 254
650 4 _aEDUCACION PARA EL TRABAJO
650 4 _aEDUCACION PARA LA PAZ
650 4 _aEDUCACION AMBIENTAL
650 4 _aEDUCACION DEL CONSUMIDOR
650 4 _aEDUCACION SEXUAL
650 4 _aDISCRIMINACION
650 4 _aMEDIOS DE COMUNICACION
653 _aEDUCACION GENERAL BASICA
653 _aTEMAS TRANSVERSALES
653 _aEDUCACION PARA LA SALUD
942 _cBK
998 _cCarmen
999 _c13211
_d13211